000 00542nam a2200193Ia 4500
005 20250326144806.0
008 250326s9999 xx 000 0 und d
020 _a81-7446-471-9
037 _aTextbook
040 _aFMSL
_beng
_cFMSL
041 _aeng
_2eng
084 _aX:51 P6
_qFMSL
100 _aBalakrish V
_9750120
245 0 _aInnovations in marketing management
_cBalakrish V; Rajakumar C S
260 _aNew Delhi
_bNew Delhi, Excel
_c2006
300 _a278p
942 _cTB
_hX:51 P6
999 _c1305075
_d1305075